00540 2200193 4500001002100000005001500021035002000036245006800056100002200124300003200146260003000178082001100208084001700219020001800236600004100254990001700295990001700312990001700329INLIS00000000000023120240924074416 a0010-09240000161 aHak asasi Manusia : Dalam Perspektif Islam /cShalahuddin Hamid0 aShalahuddin Hamid a238 hlm :bilus ;c14x21 cm aJakarta :bAmissco,c2000 a297.27 a297.27 SHA h a979-96330-5-2 4aHak Asasi Manusia - Perspektif Islam a0721/PP/2023 a0722/PP/2023 a0723/PP/2023